Sports Quiz

Random Sports or Hockey Quiz

NHL Teams on a Map Quiz Stats

 Plays Quiz Updated Jul 8, 2021

Support Sporcle.
Go Orange.
Score 0/31 Timer 05:00
7 Plays Today
% Correct
Dallas Stars
87.2%
Los Angeles Kings
86.5%
Vancouver Canucks
86.4%
Montreal Canadiens
84.8%
New York Rangers & Islanders
84.7%
Boston Bruins
84.6%
Detroit Red Wings
84.4%
Toronto Maple Leafs
83.9%
Tampa Bay Lightning
83.9%
Chicago Blackhawks
83.8%
Pittsburgh
Penguins
83.5%
Colorado Avalanche
83.4%
Florida Panthers
83.3%
Minnesota Wild
83.3%
Arizona Coyotes
83.1%
Edmonton Oilers
82.7%
% Correct
New Jersey Devils
82.3%
San Jose Sharks
82.3%
Calgary Flames
81.6%
Philadelphia Flyers
81.6%
Ottawa Senators
81.3%
Nashville Predators
80.8%
Winnipeg Jets
80.6%
Carolina Hurricanes
80.5%
Vegas Golden Knights
80%
Buffalo Sabres
79.8%
Anaheim Ducks
79.8%
Seattle Kraken
79.7%
St. Louis Blues
78.7%
Columbus Blue Jackets
78.4%
Washington Capitals
77.3%

You're not logged in!

Compare scores with friends on all Sporcle quizzes.
OR
Log In
Forgot?

From the Vault

US First Ladies by Actresses

by aglick

Two jobs that probably have a lot in common.
Remove Ads.
Support Sporcle.
Get the best of Sporcle when you Go Orange. This ad-free experience offers more features, more stats, and more fun while also helping to support Sporcle. Thank you for becoming a member.

Show Comments

Extras

Top Quizzes Today


Score Distribution

Your Account Isn't Verified!

In order to create a playlist on Sporcle, you need to verify the email address you used during registration. Go to your Sporcle Settings to finish the process.

Report this User

Report this user for behavior that violates our Community Guidelines.

Details: